000 00795nam a2200253Ia 4500
003 OSt
005 20221005105831.0
006 a|||||r|||| 00| 0
007 ta
008 GUJ
024 _a110041
037 _cTextual
040 _aCRL
_cCRL
_bGUJ
041 _2GUJ
_aGUJ
082 _aO156,3N38,UK, 152N1
100 _aचौधरी, रघुवीर
245 0 _aउपरवास
_b कथात्रयी
246 _aUparavāsa: kathātrayī
260 _aनई दिल्ली
_bसाहित्य अकादमी भारत
_c1991
300 _a662पृ0
_ccm.
650 _aगुजराती साहित्य
942 _hO156,3N38,UK, 152N1
_cTEXL
_2cc
999 _c1017030
_d1017030